000 00338nam a2200097Ia 4500
008 220120s9999||||xx |||||||||||||| ||und||
100 _aPrathibha, Maya, Veeshma and Vidyashree
_912468
245 0 _aAndroid bluetooth based remote control
260 _aCoorg Institute of Technology
_bPonnampet
_c2002
650 _aELECTRONICS AND COMMUNICATIONS
999 _c138055
_d138055